Historie du peuple de Dieu, depuis son origine jus qu'à la naissance du Messie tirée des seuls livres saints, ou, Le texte sacré des livres de l'Ancient Testament; réduit en un corps d'histoire / par le P. Isaac-Joseph Berruyer, de la Compaigne de Jesus

Detalles Bibliográficos
Autor principal: Berruyer, Isaac-Joseph, S. J., 1681-1758
Formato: Libro
Lenguaje:French
Publicado: a Paris : chez Knapen pere, rue de la Huchette, près le Pont S. Michel, à l'Angere ; Cailleau, Place de la Sorbonne, à Saint André ; Saugrain, au Palais, à l'Ange Gardien ; Prault, quai de Gêvres, au Paradis ; la Veuve Pissot, quai de Conty. à la Croix d'Or. ; Huart l'aîné, rue S. Jacques, près la Fontaine S. Severin, à la Justice ; Knapen fils, rue saint André des Arcs, au bon protectour ; Bordelet, rue saint Jacques, à Saint Ignace, vis-à-vis les jésuites, 1728.
Materias:
Colección:Banco de datos
Acervo:Fondo Antiguo José Gutiérrez Casillas. S.J. de la Biblioteca Eusebio F. Kino. de la Provincia Mexicana de la Compañía de Jesús
Descripción Física:7 t. : il. ; 4
Tema general:Historia eclesiástica
Biblia
Notas:Portada tipográfica a dos tintas con viñeta central en grabado xilográfico. Texto a renglón seguido con paginación en números arábigos, cornisas, apostillas marginales, titulillos, signaturas y reclamos. Tomo con portada y paginación propias. El t. 1 publicado en 1728. Paginación: t. 1 [2] h. LXIII, 415 p. + [3] h. de grab. Incluye cabeceras de título y letras capitulares con motivos florales en grabado xilográfico. Incluye ilustración a hoja plegada en grabado calcográfico. Incluye tablas a hoja plegada en grabado calcográfico. Encuadernación en piel sobre cartón. Ex libris en estampa: Ednd. Mesjnell Esqr. Daños en la encuadernación, tapa posterior desprendida
LEADER 01992nam a22001930004500
035 |a 2913 
041 0 |a fre 
100 1 |a Berruyer, Isaac-Joseph, S. J., 1681-1758 
245 1 0 |a Historie du peuple de Dieu, depuis son origine jus qu'à la naissance du Messie tirée des seuls livres saints, ou, Le texte sacré des livres de l'Ancient Testament; réduit en un corps d'histoire / par le P. Isaac-Joseph Berruyer, de la Compaigne de Jesus 
260 |a a Paris : chez Knapen pere, rue de la Huchette, près le Pont S. Michel, à l'Angere ; Cailleau, Place de la Sorbonne, à Saint André ; Saugrain, au Palais, à l'Ange Gardien ; Prault, quai de Gêvres, au Paradis ; la Veuve Pissot, quai de Conty. à la Croix d'Or. ; Huart l'aîné, rue S. Jacques, près la Fontaine S. Severin, à la Justice ; Knapen fils, rue saint André des Arcs, au bon protectour ; Bordelet, rue saint Jacques, à Saint Ignace, vis-à-vis les jésuites, 1728. 
300 |a 7 t. : il. ; 4 
500 |a Portada tipográfica a dos tintas con viñeta central en grabado xilográfico. Texto a renglón seguido con paginación en números arábigos, cornisas, apostillas marginales, titulillos, signaturas y reclamos. Tomo con portada y paginación propias. El t. 1 publicado en 1728. Paginación: t. 1 [2] h. LXIII, 415 p. + [3] h. de grab. Incluye cabeceras de título y letras capitulares con motivos florales en grabado xilográfico. Incluye ilustración a hoja plegada en grabado calcográfico. Incluye tablas a hoja plegada en grabado calcográfico. Encuadernación en piel sobre cartón. Ex libris en estampa: Ednd. Mesjnell Esqr. Daños en la encuadernación, tapa posterior desprendida 
650 1 0 |a Historia eclesiástica 
650 1 0 |a Biblia 
740 0 |a Le texte sacré des livres de l'Ancient Testament 
949 |a 22327 (t. 1) 
942 |c KINO 
943 |g Fondo Antiguo José Gutiérrez Casillas. S.J. de la Biblioteca Eusebio F. Kino. de la Provincia Mexicana de la Compañía de Jesús 
999 |c 1095802  |d 1095802